00850nam a22002537a 45000010005000000030006000050050017000110080041000280200018000690400029000870500015001160820008001311000028001392450076001672600050002433000048002934900042003415050008003835200125003915210020005165210020005366500022005567000018005784533FISKH20240913113209.0240913b cb ||||| |||| 00| 0 eng d a9780618800407 aFISKHbengcFISKHdFISKH aPZ7.P42583 a428 aPerez, Monica eauthor  aRoller Coaster / cAdaptation by Monica Perez : Written by Lazar Saric  aBoston : bHoughton Mifflin Company ; c2007. a22 pages : bcolor illustrations ;c24 cm . a: Curious George Early Reader Level 1 aK  a"Learn about height and measurement with Curious George as he visits the amusement park with friends Betsy and Steve!"--8 a510 bLexile 8 aK bRaz-Plus  amonkeys vfiction aSaric, Lazar